ბათუმის შოთა რუსთაველის სახელმწიფო უნივერსიტეტის ბიბლიოთეკა

თბილისში მოქმედი საკულტო ნაგებობები 2020 წლის მდგომარეობით = Functioning cult buildings in Tbilisis as of 2020 : (ბიბ.ჩანაწერი № 58212)

000 -ლიდერი
ფიქსირებული სიგრძის საკონტროლო ველი 01959nam a22002537a 4500
003 - საკონტროლო ნომრის იდენტიფიკატორი
საკონტროლო ველი Ge_BSU
005 - ბოლო ოპერაციის თარიღი და დრო
საკონტროლო ველი 20210916115549.0
008 - ფიქსირებული სიგრძის მონაცემთა ელემენტები - ზოგადი ინფორმაცია
ფიქსირებული სიგრძის საკონტროლო ველი 210916s2021 ge ||||| |||| 00| 0 geo d
020 ## - წიგნის საერთაშორისო სტანდარტული ნომერი
International Standard Book Number 9789941829062
041 ## - ენის კოდი
Language code of text/sound track or separate title geo
080 ## - უნივერსალური ათობითი კლასიფიკაციის ინდექსი
Universal Decimal Classification number 72(479.222)+27-523 თ-11
245 ## - ცნობა სათაურის შესახებ
Title თბილისში მოქმედი საკულტო ნაგებობები 2020 წლის მდგომარეობით = Functioning cult buildings in Tbilisis as of 2020 :
Remainder of title [ეკლესიები, სინაგოგები, მეჩეთები და სალოცავი სახლები : ფოტოალბომი] /
Statement of responsibility, etc გამოცემაზე მუშაობდნენ: ზაზა ვაშაყმაძე, გიორგი უკლება, ნინო ჭავჭავაძე [და სხვა] ; მთავარი რედაქტორი ზაზა ვაშაყმაძე ; რელიგიის საკითხთა სახელმწ. სააგენტო.
264 ## - წარმოების, გამოცემის, დისტრიბუციის და სხვა ცნობები
გამოცემის, წარმოების, დისტრიბუციის... ადგილი თბილისი,
გამოცემის, წარმოების, დისტრიბუციის... თარიღი 2021.
300 ## - ფიზიკური აღწერა
Extent 280 გვ. :
Other physical details ფოტ. ;
Dimensions 30 სმ.
500 ## - ზოგადი შენიშვნა
General note გარეკანი, თავფურცელი და ტექსტი ქართულ და ინგლისურ ენებზე.
653 ## - INDEX TERM--UNCONTROLLED
Uncontrolled term თბილისში მოქმედი საკულტო ნაგებობები
653 ## - INDEX TERM--UNCONTROLLED
Uncontrolled term ფოტოალბომი
700 ## - ADDED ENTRY--PERSONAL NAME
Personal name უკლება, გიორგი
9 (RLIN) 12484
700 ## - ADDED ENTRY--PERSONAL NAME
Personal name ჭავჭავაძე, ნინო
9 (RLIN) 12485
700 ## - ADDED ENTRY--PERSONAL NAME
Personal name ცხოვრებაძე, გვანცა და სხვ.
9 (RLIN) 12486
700 ## - ADDED ENTRY--PERSONAL NAME
Personal name ვაშაყმაძე, ზაზა
Relator term მთ. რედაქტორი
9 (RLIN) 12487
710 ## - ADDED ENTRY--CORPORATE NAME
Corporate name or jurisdiction name as entry element რელიგიის საკითხთა სახელმწ. სააგენტო.
9 (RLIN) 12490
942 ## - ADDED ENTRY ELEMENTS (KOHA)
Source of classification or shelving scheme
Koha item type წიგნი
ეგზემპლარები
ჩამოწერის სტატუსი დაკარგული ეგზემპლარის სტატუსი კლასიფიკაციის წყარო ან თაროზე გაწყობის სქემა დაზიანების სტატუსი არ გაიცემა მუდმივი მდებარეობა (დაცვის ადგილი) ამჟამინდელი ადგილსამყოფელი თაროზე განთავსების ადგილი შეძენის თარიღი ღირებულება, შესყიდვის ნორმალური ფასი სრული შენახვის შიფრი შტრიხკოდი ბოლო ოპერაციის თარიღი ეგზემპლარის მიმდევრობითი ნომერი (კეტერი?) ფასის ძალაში შესვლის თარიღი ეგზემპლარის სახეობა საჯარო შენიშვნა
          ბათუმის შოთა რუსთაველის სახელმწიფო უნივერსიტეტის მთავარი ბიბლიოთეკა ბათუმის შოთა რუსთაველის სახელმწიფო უნივერსიტეტის მთავარი ბიბლიოთეკა წიგნსაცავი 2021-09-16 20.00 72(479.222)+27-523 თ-11 61691 2021-09-16 61691 2021-09-16 წიგნი 20 ლ.
          ბათუმის შოთა რუსთაველის სახელმწიფო უნივერსიტეტის მთავარი ბიბლიოთეკა ბათუმის შოთა რუსთაველის სახელმწიფო უნივერსიტეტის მთავარი ბიბლიოთეკა წიგნსაცავი 2022-03-23 20.00 72(479.222)+27-523 თ-11 62196 2022-03-23 62196 2022-03-23 წიგნი 20 ლ.